Estadísticas para Plantilla Atlético de Madrid 22/23

Haz click aquí para intentar la prueba.

Estadísticas generales

  • Esta prueba ha sido intentada 35 veces
  • La puntuación promedio es 10 de 22

Estadísticas de respuestas

HintRespuesta% Correcto
Nº6Koke
92%
Nº2José María Giménez
80%
Nº1Ivo Grbic
76%
Nº13Jan Oblak
76%
Nº10Ángel Correa
72%
Nº19Alvaro Morata
68%
Nº8Antoine Griezmann
64%
Nº14Marcos Llorente
56%
Nº9Memphis Depay
48%
Nº22Mario Hermoso
44%
Nº5Rodrigo De Paul
44%
Nº15Stefan Savic
40%
Nº16Nahuel Molina
36%
Nº11Thomas Lemar
36%
Nº24Pablo Barrios
32%
Nº21Yannick Carrasco
32%
Nº4Geoffrey Kondogbia
28%
Nº3Sergio Reguilón
28%
Nº20Axel Witsel
20%
Nº12Matt Doherty
16%
Nº23Reinildo Mandava
12%
Nº17Saúl Ñíguez
12%

Distribución de puntuación

Porcentaje por número respondido

Porcentaje de gente con cada puntuación

Historial de tus puntuaciones

No has intentado esta prueba.